000 00493nam a2200157 a 4500
001 000029377
005 20240226144733.0
008 110415s1980 dr ac 000 0 spa d
040 _aDO-SdBNP
_bspa
_cBNPHU
082 _axxx
_bJ82e
100 1 _aJorge Blanco, Salvador,
_d1926-2010
_930551
245 1 3 _aLa esperanza del perredeismo /
_cSalvador Jorge Blanco.
260 _aSanto Domingo :
_bPartido Revolucionario Dominicano,
_c1980.
300 _a26 p. :
_bil., retr. ;
_c22 cm.
049 _aBNPD
999 _c28869
_d28869